01071nam a22001697a 4500999001900000082000800019100002200027245015900049260003600208300002700244942001300271650004100284700003900325952017900364952017900543952017900722  c535759d535759  a615  aSharif, Mahjabeen  aAttenuation of Insulin Induced Bronchoconstriction with Antiasthmatic Drugs on Isolated Tracheal Smooth Muscle of Guinea Pig in Vitro /cMahjabeen Sharif.  aIslamabad :bAMC - NUST,c2012.  a157 p. : ill. ;c30cm.  2ddccTHE  aPharmacology - M Phil Theses.930568  aSup Dr. Bushra Tayyaba Khan930569  00102ddc40709498868aNSHSbNSHScTHEd2020-09-22o615pCL-T-6298r2020-09-22w2020-09-22xMinute Sheet No. 0929/02/CL/Survey/5 dated 23rd April 2024 E-MIN ID 114741	yTHE  00102ddc40709498876aNSHSbNSHScTHEd2020-09-22o615pCL-T-6337r2020-09-22w2020-09-22xMinute Sheet No. 0929/02/CL/Survey/5 dated 23rd April 2024 E-MIN ID 114741	yTHE  00102ddc40709498877aNSHSbNSHScTHEd2020-09-22o615pCL-T-6284r2020-09-22w2020-09-22xMinute Sheet No. 0929/02/CL/Survey/5 dated 23rd April 2024 E-MIN ID 114741	yTHE